Assessing the organizational climate of retails stores in selected areas of Cavite : focus on employees' perspectives / (Record no. 4609)
[ view plain ]
| 000 -LEADER | |
|---|---|
| fixed length control field | 01435nam a22003017a 4500 |
| 003 - CONTROL NUMBER IDENTIFIER | |
| control field | OSt |
| 005 - DATE AND TIME OF LATEST TRANSACTION | |
| control field | 20260122040909.0 |
| 008 - FIXED-LENGTH DATA ELEMENTS--GENERAL INFORMATION | |
| fixed length control field | 260122b ||||| |||| 00| 0 eng d |
| 040 ## - CATALOGING SOURCE | |
| Language of cataloging | English. |
| Transcribing agency | CvSU-CCAT Campus Library. |
| Description conventions | rda. |
| 050 ## - LIBRARY OF CONGRESS CALL NUMBER | |
| Classification number | UM HF 5429.215 |
| Item number | C35 2023 |
| 100 ## - MAIN ENTRY--PERSONAL NAME | |
| Personal name | Calim, Erica O., author. |
| 9 (RLIN) | 18183 |
| 245 ## - TITLE STATEMENT | |
| Title | Assessing the organizational climate of retails stores in selected areas of Cavite : focus on employees' perspectives / |
| Statement of responsibility, etc. | Erica O. Calim, Mairo Marcus C. Licono, Owen Edric R. Ruplo. |
| 260 ## - PUBLICATION, DISTRIBUTION, ETC. | |
| Place of publication, distribution, etc. | Rosario, Cavite : |
| Name of publisher, distributor, etc. | Cavite State University-CCAT Campus, |
| Date of publication, distribution, etc. | 2023. |
| 300 ## - PHYSICAL DESCRIPTION | |
| Extent | xvii, 163 leaves : |
| Other physical details | illustrations ; |
| Dimensions | 28 cm |
| 500 ## - GENERAL NOTE | |
| General note | Undergraduate Thesis (BSBM) -- Cavite State University-CCAT Campus, 2023. |
| 504 ## - BIBLIOGRAPHY, ETC. NOTE | |
| Bibliography, etc. note | Includes bibliographical references and appendices. |
| 546 ## - LANGUAGE NOTE | |
| Language note | In English text |
| 650 ## - SUBJECT ADDED ENTRY--TOPICAL TERM | |
| Topical term or geographic name entry element | Organizational climate -- Philippines -- Cavite. |
| 9 (RLIN) | 18184 |
| 650 ## - SUBJECT ADDED ENTRY--TOPICAL TERM | |
| Topical term or geographic name entry element | Retail trade -- Employees -- Philippines -- Cavite. |
| 9 (RLIN) | 18185 |
| 650 ## - SUBJECT ADDED ENTRY--TOPICAL TERM | |
| Topical term or geographic name entry element | Organizational behavior -- Philippines. |
| 9 (RLIN) | 18029 |
| 650 ## - SUBJECT ADDED ENTRY--TOPICAL TERM | |
| Topical term or geographic name entry element | Employee attitudes -- Philippines -- Cavite. |
| 9 (RLIN) | 18186 |
| 700 ## - ADDED ENTRY--PERSONAL NAME | |
| Personal name | Licono, Mairo Marcus C., author. |
| 9 (RLIN) | 18187 |
| 700 ## - ADDED ENTRY--PERSONAL NAME | |
| Personal name | Ruplo, Owen Edric R., author. |
| 9 (RLIN) | 18188 |
| 700 ## - ADDED ENTRY--PERSONAL NAME | |
| Personal name | Abug, Nerisa B., adviser. |
| 9 (RLIN) | 6938 |
| 700 ## - ADDED ENTRY--PERSONAL NAME | |
| Personal name | Ambas, Arman M., technical critic. |
| 9 (RLIN) | 6668 |
| 942 ## - ADDED ENTRY ELEMENTS (KOHA) | |
| Source of classification or shelving scheme | Library of Congress Classification |
| Koha item type | Thesis/Manuscripts/Dissertations |
| Classification part | HF 5429.215 C35 2023 |
| Call number prefix | UM |
| Withdrawn status | Lost status | Source of classification or shelving scheme | Damaged status | Not for loan | Collection code | Home library | Current library | Shelving location | Date acquired | Coded location qualifier | Total Checkouts | Full call number | Barcode | Date last seen | Copy number | Price effective from | Koha item type |
|---|---|---|---|---|---|---|---|---|---|---|---|---|---|---|---|---|---|
| Library of Congress Classification | Thesis/Manuscript/Dissertation | Cavite State University - CCAT Campus | Cavite State University - CCAT Campus | TH | 09/24/2025 | UM | UM HF 5429.215 C35 2023 | T0005465 | 01/22/2026 | 1 | 01/22/2026 | Thesis/Manuscripts/Dissertations |
